| 000 | 00705nam a22001217a 4500 | ||
|---|---|---|---|
| 040 | _cRUA | ||
| 100 | _aMEAS REACH,មាស រាជ | ||
| 245 | _aCASE OF ANTIBIOTIC RESISTANCE OF SALMONELLA SPP.ON CARCASS AT SLAUGHTERHOUSE IN BARAY DISTRICT,KAMPONG THOM PROVINCE,ករណីSALMONELLA SPP.ស៊ាំនឹងឱសថអង់ទីប្យូទិចលើផ្ទាំងសាច់ជ្រូកនៅទីសត្តឃាត ស្រុកបារាយណ៍ ខេត្តកំពង់ធំ | ||
| 260 |
_aphnom penh _brua _c2019 |
||
| 300 |
_axii.36p. _bill. _c29cm. |
||
| 856 | _uhttps://drive.google.com/file/d/1FtYk_fAdClMbgQ3RmpBI8aqsMmXwl0xW/view?usp=share_link | ||
| 942 | _cVEM | ||
| 999 |
_c20396 _d20396 |
||